Milwaukee Bucks All-Time Roster - Statistics

General Stats
  • This quiz has been taken 685 times
  • The average score is 5 of 12
Answer Stats
Post Player % Correct
C Kareem Abdul-Jabbar
97%
PG Oscar Robertson
86%
BN Ray Allen
71%
SG Sidney Moncrief
67%
BN Michael Redd
44%
SF Marques Johnson
37%
BN Glenn Robinson
34%
BN Bob Dandridge
28%
BN Terry Cummings
25%
PF Vin Baker
23%
BN Brian Winters
11%
BN Ricky Pierce
8%
No matching quizzes found
Score Distribution
Percent of People with Each Score
Percentile by Number Answered
Your Score History
You have not taken this quiz